The geography of international terrorism : (Record no. 15094)

000 -LEADER
fixed length control field 01373cam a2200289 a 4500
001 - CONTROL NUMBER
control field 17540449
005 - DATE AND TIME OF LATEST TRANSACTION
control field 20170105102910.0
008 - FIXED-LENGTH DATA ELEMENTS--GENERAL INFORMATION
fixed length control field 121126s2013 fluab b 001 0 eng
010 ## - LIBRARY OF CONGRESS CONTROL NUMBER
LC control number 2012044329
020 ## - INTERNATIONAL STANDARD BOOK NUMBER
International Standard Book Number 9781439886861 (pbk. : alk. paper)
040 ## - CATALOGING SOURCE
Original cataloging agency DLC
Transcribing agency DLC
Modifying agency DLC
042 ## - AUTHENTICATION CODE
Authentication code pcc
050 00 - LIBRARY OF CONGRESS CALL NUMBER
Classification number HV6431
Item number .M4336 2013
082 00 - DEWEY DECIMAL CLASSIFICATION NUMBER
Classification number 363.325
Edition number 23
100 1# - MAIN ENTRY--PERSONAL NAME
Personal name Medina, Richard M.
245 14 - TITLE STATEMENT
Title The geography of international terrorism :
Remainder of title an introduction to spaces and places of violent non-state groups /
Statement of responsibility, etc. Richard M. Medina and George F. Hepner.
260 ## - PUBLICATION, DISTRIBUTION, ETC.
Place of publication, distribution, etc. Boca Raton :
Name of publisher, distributor, etc. Taylor & Francis,
Date of publication, distribution, etc. c2013.
300 ## - PHYSICAL DESCRIPTION
Extent xiii, 244 p. :
Other physical details ill., maps ;
Dimensions 24 cm.
504 ## - BIBLIOGRAPHY, ETC. NOTE
Bibliography, etc. note Includes bibliographical references and index.
505 0# - FORMATTED CONTENTS NOTE
Formatted contents note Terrorism, geography, and the intersection between them -- Terrorist networks in geographic-social hybrid space -- The geography of terrorism : aspirational geography and safe havens -- Technologies, information, and opportunities for countering the effects of terrorism -- Terrorism, risk, and vulnerability -- Influences on the future geography of terrorism.
650 #0 - SUBJECT ADDED ENTRY--TOPICAL TERM
Topical term or geographic name entry element Terrorism.
650 #0 - SUBJECT ADDED ENTRY--TOPICAL TERM
Topical term or geographic name entry element Violence.
700 1# - ADDED ENTRY--PERSONAL NAME
Personal name Hepner, George F.
906 ## - LOCAL DATA ELEMENT F, LDF (RLIN)
a 7
b cbc
c orignew
d 1
e ecip
f 20
g y-gencatlg
942 ## - ADDED ENTRY ELEMENTS (KOHA)
Source of classification or shelving scheme
Koha item type Book
Holdings
Withdrawn status Lost status Damaged status Not for loan Collection code Permanent Location Current Location Shelving location Date acquired Total Checkouts Full call number Barcode Date last seen Price effective from Koha item type
          Centre for International Peace & Stability (CIPS) Centre for International Peace & Stability (CIPS) General Stacks 10/01/2013   363.325 MED 2013 CIPS0001546 10/29/2013 10/29/2013 Book
© 2023 Central Library, National University of Sciences and Technology. All Rights Reserved.